Металлы в периодической таблице элементов - Армагеддон - Statistics

General Stats
  • This quiz has been taken 75 times
  • The average score is 13 of 33
Answers on the Grid
Answers color-coded by a green-red scale on the quiz's grid according to % correct below.
Ртуть
Медь
Радон
Селен
Свинец
Водород
Платина
Рубидий
Тантал
Актиний
Иод
Осмий
Марганец
Лантан
Криптон
Борий
Теннессин
Протактиний
Франций
Ниобий
Сера
Иттербий
Хлор
Неон
Оганесон
Кадмий
Галлий
Цезий
Фосфор
Фтор
Теллур
Ксенон
Эрбий
Нихоний
Углерод
Аргон
Висмут
Молибден
Азот
Гафний
Ливерморий
Гадолиний
Вольфрам
Рентгений
Радий
Цинк
Диспрозий
Астат
Празеодим
Магний
 
Answer Stats
Answer % Correct
Медь
91%
Свинец
81%
Ртуть
80%
Платина
74%
Цинк
65%
Вольфрам
52%
Магний
52%
Цезий
50%
Молибден
50%
Марганец
48%
Кадмий
39%
Висмут
39%
Франций
37%
Тантал
35%
Галлий
33%
Теллур
33%
Рубидий
31%
Радий
31%
Осмий
30%
Лантан
30%
Актиний
28%
Протактиний
24%
Гафний
24%
Рентгений
24%
Нихоний
22%
Борий
20%
Ниобий
20%
Иттербий
20%
Ливерморий
19%
Празеодим
19%
Эрбий
17%
Гадолиний
17%
Диспрозий
17%
No matching quizzes found
Score Distribution
Percent of People with Each Score
Percentile by Number Answered
Your Score History
You have not taken this quiz